| Tag |
First Indicator |
Second Indicator |
Subfields |
| LEADER |
00000pam a2200000 a 4500 |
| 001 |
in00000552183 |
| 005 |
20190207094553.0 |
| 008 |
840809s1985 txua b s00100deng |
| 010 |
|
|
|a 84040140
|
| 020 |
|
|
|a 0890962154
|
| 020 |
|
|
|a 9780890962152
|
| 035 |
|
|
|a (OCoLC)11090520
|
| 035 |
|
|
|9 ACJ5856AM
|
| 040 |
|
|
|a DLC
|c DLC
|d TXA
|d UtOrBLW
|
| 043 |
|
|
|a n-us-tx
|
| 049 |
|
|
|a TXAM
|
| 050 |
0 |
0 |
|a F381
|b .T53 1985
|
| 082 |
0 |
|
|a 976.4
|2 19
|
| 245 |
0 |
0 |
|a Texas tears and Texas sunshine :
|b voices of frontier women /
|c edited by Jo Ella Powell Exley.
|
| 250 |
|
|
|a 1st ed.
|
| 264 |
|
1 |
|a College Station :
|b Texas A&M University Press,
|c [1985]
|
| 264 |
|
4 |
|c ©1985
|
| 300 |
|
|
|a xiv, 275 pages :
|b illustrations, portraits ;
|c 24 cm.
|
| 336 |
|
|
|a text
|b txt
|2 rdacontent
|
| 337 |
|
|
|a unmediated
|b n
|2 rdamedia
|
| 338 |
|
|
|a volume
|b nc
|2 rdacarrier
|
| 490 |
1 |
|
|a The Centennial series of the Association of Former Students, Texas A&M University ;
|v no. 17
|
| 500 |
|
|
|a The Cushing Library/Chapman Texas Collection copy is part of the Floyd & Louise Chapman Texas & Borderlands Collection.
|5 TXA
|
| 500 |
|
|
|a Cushing Library/Kelsey Americana copy is signed by the author.
|
| 504 |
|
|
|a Includes bibliographical references (pages [257]-263) and index.
|
| 650 |
|
0 |
|a Women pioneers
|z Texas
|x History
|y 19th century
|x Sources.
|
| 650 |
|
0 |
|a Frontier and pioneer life
|z Texas
|x Sources.
|
| 651 |
|
0 |
|a Texas
|x History
|x Sources.
|
| 700 |
1 |
|
|a Exley, Jo Ella Powell,
|d 1940-
|
| 830 |
|
0 |
|a Centennial series of the Association of Former Students, Texas A&M University ;
|v no. 17.
|
| 999 |
|
|
|a MARS
|
| 999 |
f |
f |
|s f916758b-8c4e-3341-afc3-befd2ffcb18d
|i 82863ca5-f025-3714-aa2c-7324da7fd239
|t 0
|
| 952 |
f |
f |
|p noncirc
|a Texas A&M University
|b College Station
|c Cushing Memorial Library & Archives
|d Cushing: Kelsey Americana (Does not check out)
|t 0
|e F381 .T53 1985
|h Library of Congress classification
|i unmediated -- volume
|
| 952 |
f |
f |
|p ric
|a Texas A&M University
|b Rellis Campus
|c Joint Library Facility
|d Remote Storage
|t 0
|e F381 .T53 1985
|h Library of Congress classification
|i unmediated -- volume
|m A14841307086
|
| 952 |
f |
f |
|p noncirc
|a Texas A&M University
|b College Station
|c Cushing Memorial Library & Archives
|d Cushing: Chapman Texas Collection (Does not check out)
|t 0
|e F381 .T53 1985
|h Library of Congress classification
|i unmediated -- volume
|m A14808922473
|
| 952 |
f |
f |
|p noncirc
|a Texas A&M University
|b College Station
|c Cushing Memorial Library & Archives
|d Cushing: Texas A&M Press (Does not check out)
|t 0
|e F381 .T53 1985
|h Library of Congress classification
|i unmediated -- volume
|
| 952 |
f |
f |
|p normal
|a Texas A&M University
|b College Station
|c Sterling C. Evans Library
|d Evans: Library Stacks
|t 0
|e F381 .T53 1985
|h Library of Congress classification
|i unmediated -- volume
|m A14808997363
|
| 998 |
f |
f |
|a F381 .T53 1985
|t 0
|l Evans: Library Stacks
|
| 998 |
f |
f |
|a F381 .T53 1985
|t 0
|l Remote Storage
|
| 998 |
f |
f |
|a F381 .T53 1985
|t 0
|l Cushing: Chapman Texas Collection (Does not check out)
|
| 998 |
f |
f |
|a F381 .T53 1985
|t 0
|l Cushing: Kelsey Americana (Does not check out)
|
| 998 |
f |
f |
|a F381 .T53 1985
|t 0
|l Cushing: Texas A&M Press (Does not check out)
|